Trương Viên chèo cổ

Nội dung sách giới thiệu một vài phiên bản của vở chèo cổ "Trương Viên". Sách gồm hai chương. Chương 1: Về vở chèo cổ "Trương Viên". Phần 2: Các dạng bản trò "Trương Viên".

Saved in:
Bibliographic Details
Corporate Author: Hội văn nghệ dân gian Việt Nam
Format: Book
Language:Undetermined
Published: Hà Nội Khoa học - Xã hội 2015
Subjects:
Tags: Add Tag
No Tags, Be the first to tag this record!
Institutions: Trung tâm Học liệu Trường Đại học Cần Thơ
LEADER 00900nam a2200193Ia 4500
001 CTU_209415
008 210402s9999 xx 000 0 und d
082 |a 792.09597 
082 |b H452 
110 |a Hội văn nghệ dân gian Việt Nam 
245 0 |a Trương Viên chèo cổ 
245 0 |c Trần Việt Ngữ (Sưu tuyển - Khảo cứu) 
260 |a Hà Nội 
260 |b Khoa học - Xã hội 
260 |c 2015 
520 |a Nội dung sách giới thiệu một vài phiên bản của vở chèo cổ "Trương Viên". Sách gồm hai chương. Chương 1: Về vở chèo cổ "Trương Viên". Phần 2: Các dạng bản trò "Trương Viên". 
650 |a Vietnamese drama,Sân khấu Việt Nam 
904 |i Châu Thiên Phúc,Hải 
980 |a Trung tâm Học liệu Trường Đại học Cần Thơ